Sewanee in stone /

This is a history of the stone architecture on the campus of the University of the South, Sewanee, Tennessee. Included is information about the methods of construction and uses of the buildings, as well as stories about the architects and builders and university officers who were involved.

Podrobná bibliografie
Hlavní autor: Bowman, David
Médium: Kniha
Jazyk:English
Vydáno: Sewanee, Tenn. : Proctor's Hall Press, ©2003.
Témata:
Classic Catalogue: View this record in Classic Catalogue
LEADER 01323nam a22002777a 4500
001 33315
003 BD-DhAAL
005 20250625110113.0
008 180711t2003 us a|||| b||| 001 0 eng d
020 |a 0970621469 
040 |a BD-DhAAL  |d BD-DhAAL 
082 |a 720.691.2 
100 |a Bowman, David.  |9 26948 
245 |a Sewanee in stone /  |c David Bowman. 
260 |a Sewanee, Tenn. :  |b Proctor's Hall Press,  |c ©2003. 
300 |a xiii, 318 pages  |b illustrations ;  |c 26 cm. 
504 |a Includes bibliographical references and index 
520 |a This is a history of the stone architecture on the campus of the University of the South, Sewanee, Tennessee. Included is information about the methods of construction and uses of the buildings, as well as stories about the architects and builders and university officers who were involved.  
526 |a ARC 
541 |a Department of Architecture  |e 33315 
650 |a Architecture.  |9 26949 
650 |a Stone buildings  |z United States  |9 27277 
852 |a Department of Architecture  |c General Stacks 
942 |2 ddc  |c BK 
999 |c 39693  |d 39693 
952 |0 0  |1 0  |2 ddc  |4 0  |6 720_691000000000000_2_BOW  |7 0  |9 63720  |a BRACUL  |b BRACUL  |c GEN  |d 2018-07-11  |e Department of Architecture   |l 0  |o 720.691.2 BOW  |p 3010033315  |r 2018-07-11  |t 1  |w 2018-07-11  |y BK  |x Transferred from ARC to BRACUL on 28/12/2023